000 00247nam a22001097a 4500
008 180803b xxu||||| |||| 00| 0 eng d
082 _a813.52
245 _aAnimals twoby two
_cLHS
300 _a1
_fDVD
440 _x9781598216462
942 _2ddc
_cMX
999 _c46775
_d46775